| 000 | 00546nam a22001937a 4500 | ||
|---|---|---|---|
| 003 | dpl | ||
| 005 | 20180803131732.0 | ||
| 008 | 180803b xxu||||| |||| 00| 0 eng d | ||
| 020 |
_a8170004357 _c795.00 |
||
| 035 | _aB-220086 | ||
| 040 |
_aDPL _bEN _c0 |
||
| 082 | _a025.3 | ||
| 100 | _aLal.C | ||
| 245 |
_aUnderstanding Basics of Library and Information Science _cby C.Lal [and] K.Kumar |
||
| 260 |
_aNew Delhi _bEss Ess Publications _c2005 |
||
| 300 |
_a270p.; _c21cm |
||
| 700 | _aKumar,K | ||
| 942 |
_2ddc _cEN _h025.3 _mLAL |
||
| 999 |
_c155361 _d155361 |
||